000 00651nam a2200253Ia 4500
003 OSt
005 20221005115435.0
006 a|||||r|||| 00| 0
007 ta
008 221004b |||||||| |||| 00| 0 tam d
024 _a46052
037 _cTextual
040 _aCRL
_cCRL
_btam
041 _2tam
_atam
082 _aO31,3NGO,1, 35K3
100 _aRangacharlu T.V. Tr.
_9627546
245 0 _achandra mandala yatra
260 _c1963
300 _a113p.
_ccm.
650 _a TAMIL LITERATURE
650 _aTAMIL FICTION
942 _hO31,3NGO,1, 35K3
_cTEXL
_2cc
999 _c1034853
_d1034853